[Event "Edward Lasker Memorial 107th"]
[Site "New York"]
[Date "2023.12.08"]
[Round "2"]
[White "Raja, Harshit"]
[Black "Adelson, Serge"]
[Result "1-0"]
[WhiteElo "2509"]
[BlackElo "1642"]
[PlyCount "47"]
[EventDate "2023.12.07"]
[EventType "swiss"]
[EventRounds "6"]
[EventCountry "USA"]
[SourceTitle "CBM 217 Extra"]
[Source "ChessBase"]
[SourceDate "2024.01.31"]
[SourceVersion "1"]
[SourceVersionDate "2024.01.31"]
[SourceQuality "1"]

1. e4 c5 2. Nf3 e6 3. d4 cxd4 4. Nxd4 Nf6 5. Nc3 Qc7 6. Ndb5 Qc6 7. Bf4 Na6 8. Nd6+ Bxd6 9. Qxd6 Nc5 10. Nb5 Qxd6 11. Bxd6 Ncxe4 12. Ba3 Kd8 13. f3 a6 14. Nd4 Ng5 15. h4 Nxf3+ 16. gxf3 b5 17. Rg1 Nd5 18. c4 bxc4 19. Rxg7 Ne3 20. Kf2 e5 21. Kxe3 exd4+ 22. Kxd4 d5 23. Rxf7 Rb8 24. Re1 1-0